000 00964cam a2200253 4500
001 5307
005 20181127175211.0
008 740603s1975 pau b 000 0 eng
010 _a 74010743
020 _a9788120813397
041 1 _aengsan
043 _aa------
130 0 _aTripitaka.
_pVinayapitaka.
_pPratimoksasutra.
_lEnglish.
245 1 0 _aBuddhist monastic discipline:
_bthe Sanskrit Pratimoksa sutras of the Mahasamghikas and Mulasarvastivadins.
_c[Edited by] Charles S. Prebish.
260 _aDelhi :
_bMotilal Banarsidass Pub.,
_c2010.
300 _a156 p.
_c24 cm.
500 _a""The Mahasamghika and Mulasarvastivadin Pratimoksa sutras presented face to face for easy comparison.""
504 _aBibliography: p. [151]-156.
630 0 _aMahasanghikas.
630 0 _aSarvastivadins.
650 _aBuddhism --Study and teaching.
_v
_x
_y
_z
_2
650 0 _aBuddhist monasticism and religious orders
_vRules.
700 1 _aPrebish, Charles S.,
_eed.
999 _c4452
_d4452